Kumrunun Gördüğü : Öykü (Record no. 3295)

000 -LEADER
fixed length control field 00570nam a22001937a 4500
008 - FIXED-LENGTH DATA ELEMENTS--GENERAL INFORMATION
fixed length control field 190429b ||||| |||| 00| j eng d
020 ## - INTERNATIONAL STANDARD BOOK NUMBER
International Standard Book Number 9789750711787
041 ## - LANGUAGE CODE
Language code of text/sound track or separate title Türkçe
050 ## - LIBRARY OF CONGRESS CALL NUMBER
Classification number PL248.B8482
100 ## - MAIN ENTRY--PERSONAL NAME
9 (RLIN) 1216
Personal name Büke, Ahmet
245 ## - TITLE STATEMENT
Title Kumrunun Gördüğü : Öykü
Statement of responsibility, etc. Yayına Hazırlayan : Faruk Duman
250 ## - EDITION STATEMENT
Edition statement 1.Basım
260 ## - PUBLICATION, DISTRIBUTION, ETC.
Place of publication, distribution, etc. İstanbul:
Name of publisher, distributor, etc. Can Sanat Yayınları,
Date of publication, distribution, etc. Haziran 2010
300 ## - PHYSICAL DESCRIPTION
Extent 182 Sayfa
500 ## - GENERAL NOTE
General note Can Yayınları : 1889
3 Adet mevcuttur.
650 #0 - SUBJECT ADDED ENTRY--TOPICAL TERM
9 (RLIN) 145
Topical term or geographic name entry element Türk Edebiyatı
700 ## - ADDED ENTRY--PERSONAL NAME
9 (RLIN) 969
Personal name Duman, Faruk
942 ## - ADDED ENTRY ELEMENTS (KOHA)
Source of classification or shelving scheme
Koha item type Books
Holdings
Withdrawn status Lost status Source of classification or shelving scheme Damaged status Not for loan Permanent Location Current Location Shelving location Date acquired Full call number Barcode Date last seen Price effective from Koha item type
        Ödünç verilemez İmren Ahmet Tüzün Kütüphanesi İmren Ahmet Tüzün Kütüphanesi Ahmet Tüzün 2019-04-29 PL248.B8482 100100003338 2019-04-29 2019-04-29 Books
        Ödünç verilemez İmren Ahmet Tüzün Kütüphanesi İmren Ahmet Tüzün Kütüphanesi İmren Tüzün 2019-04-29 PL248.B8482 100100003339 2019-04-29 2019-04-29 Books
        Ödünç verilemez İmren Ahmet Tüzün Kütüphanesi İmren Ahmet Tüzün Kütüphanesi İmren Tüzün 2020-07-02 PL248.B8482 100100004427 2020-07-02 2020-07-02 Books

This software was implemented, installed and managed by Devinim Software Training Consulting .